Komunis di Semenanjung Malaysia dari tahun 1948 hingga 1960 : (Record no. 113390)

MARC details
000 -LEADER
fixed length control field 00752nam a2200241 i 4500
001 - CONTROL NUMBER
control field C2-0311114
003 - CONTROL NUMBER IDENTIFIER
control field PPAK
005 - DATE AND TIME OF LATEST TRANSACTION
control field 20180728102416.0
008 - FIXED-LENGTH DATA ELEMENTS--GENERAL INFORMATION
fixed length control field 110711s my |||| ||||| | may d
040 ## - CATALOGING SOURCE
Original cataloging agency PPAK
Language of cataloging eng
Transcribing agency PPAK
Description conventions rda
082 04 - DEWEY DECIMAL CLASSIFICATION NUMBER
Classification number 335.4309
Edition number 23
090 00 - LOCALLY ASSIGNED LC-TYPE CALL NUMBER (OCLC); LOCAL CALL NUMBER (RLIN)
Classification number (OCLC) (R) ; Classification number, CALL (RLIN) (NR) 335.4309
Feature heading MOH
Feature heading KMI
100 0# - MAIN ENTRY--PERSONAL NAME
Personal name Mohd Kasri bin Saidon,
Relator term author
245 10 - TITLE STATEMENT
Title Komunis di Semenanjung Malaysia dari tahun 1948 hingga 1960 :
Remainder of title tumpuan keselamatan di Negeri Kedah
264 #1 - PRODUCTION, PUBLICATION, DISTRIBUTION, MANUFACTURE, AND COPYRIGHT NOTICE
Place of production, publication, distribution, manufacture Pulau Pinang :
Name of producer, publisher, distributor, manufacturer Universiti Sains Malaysia ,
300 ## - PHYSICAL DESCRIPTION
Extent 340 pages ;
Dimensions 30 cm
336 ## - CONTENT TYPE
Source rdacontent
Content type term text
337 ## - MEDIA TYPE
Source rdamedia
Media type term unmediated
338 ## - CARRIER TYPE
Source rdacarrier
Carrier type term volume
500 ## - GENERAL NOTE
General note Tesis
650 10 - SUBJECT ADDED ENTRY--TOPICAL TERM
Topical term or geographic name entry element Communism - History, Handbooks, manuals, etc.
942 ## - ADDED ENTRY ELEMENTS (KOHA)
-- dc
Koha item type Book
Holdings
Withdrawn Not for loan Current library Shelving location Date acquired Full call number Barcode Date last seen Koha item type
  Not For Loan Perpustakaan Alor Setar Koleksi Prof. Dr. Muhammad Isa Othman 25/08/2011 KMI 335.4309 MOH A00385733 09/05/2018 Thesis